| 000 | 00536cam a22002051 4500 | ||
|---|---|---|---|
| 001 | he 67001633 | ||
| 003 | DLC | ||
| 005 | 20260227111449.0 | ||
| 008 | 840424s1967 is 000 0 heb | ||
| 010 | _ahe 67001633 | ||
| 035 | _a(OCoLC)19141217 | ||
| 040 |
_aDLC _cMH _dCU _dDLC |
||
| 042 | _apremarc | ||
| 050 | 0 | 0 |
_aPJ5054.S62 _bV4 |
| 100 | 1 | _aSobol, Idan. | |
| 245 | 1 | 0 |
_aṾeha-shamayim yitbaharu : _bshirim le-ishah neśuʼah. |
| 260 |
_a[Tel Aviv] : _bAlef, _c1967. |
||
| 300 |
_a96 p. ; _c23 cm. |
||
| 752 |
_aIsrael _dTel Aviv |
||
| 999 |
_c32591 _d32591 |
||